<The> Geometry of population genetics

Gespeichert in:
Bibliographische Detailangaben
1. Verfasser: Akin, Ethan
Format: Buch
Sprache:Englisch
Veröffentlicht: Berlin Springer 1979
Schriftenreihe:Lecture notes in biomathematics 31
Tags: Tag hinzufügen
Keine Tags, Fügen Sie das erste Tag hinzu!

MARC

LEADER 00000nam a2200000 4500
001 c140626
005 20041019155319.5
041 0 |a eng 
044 |a DE 
245 1 0 |a <The> Geometry of population genetics  |c Ethan Akin 
264 1 |a Berlin  |b Springer  |c 1979 
300 |a 205 s. 
490 1 |a Lecture notes in biomathematics  |v 31 
830 0 |a Lecture notes in biomathematics  |v 31 
100 1 |a Akin, Ethan